S knihou a autorom

Bibliographic Details
Main Author: Wlachovský, Karol, 1941- (Author)
Format: Article
Language:Slovak
Subjects:

MARC

LEADER 00000nab a2200000 a 4500
001 vtls000037620
003 SK-MaSNL
005 20260303023310.0
008 111103c xo 0 slo
015 |a SNBRB19rr/mm-uuuuu 
035 |a CL0047715 
040 |a SNKBUCL  |b slo  |c SNKBUCL  |e AACR2 
041 0 |a slo 
044 |a xo  |c SK 
080 |a 655.4/.5(439)  |2 1981 
100 1 |a Wlachovský, Karol,  |d 1941-  |4 aut  |9 108581 
245 1 0 |a S knihou a autorom  |c Karol Wlachovský 
650 0 7 |a knižný obchod  |2 snkbucl  |9 29140 
655 7 |a články z novín a časopisov  |2 snkbucl  |9 267496 
655 7 |a články z odboru knihovníctvo  |2 snkbucl  |9 166141 
773 0 |t Smena na nedeľu  |g Roč. 29, č. 29 (169a) (20. 7. 1979), s. /7/ 
850 |a Slovenská národná knižnica v Martine  |a MTA001 
852 |a SNK  |b KIS3GCP 
958 |a RK 
958 |a KL 
992 |a RBX 
999 |c 1633721  |d 1635651